00317nam a2200121Ia 4500008004100000041000800041082001800049100002000067245002800087250000800115260006400123300000800187231228s2006 xx 000 0 und d aeng a658.4062bSHA aSHAIKH (Saleem) aBusiness Environment .. a1st aNew DelhibPearson Education Delhi, Harlow, Singaporec2006 a532